| 000 | 01087cam a22002657a 4500 | ||
|---|---|---|---|
| 001 | 17253367 | ||
| 005 | 20170105102349.0 | ||
| 008 | 120412s2012 enkd 001 0 eng | ||
| 010 | _a 2012009106 | ||
| 020 | _a9781107017542 (hardback) | ||
| 040 |
_aDLC _cDLC |
||
| 082 | 0 | 0 |
_a621.3840286 _223 |
| 245 | 1 | 0 |
_aGreen radio communication networks _cEkram Hossain, Vijay K. Bhargava, Gerhard P. Fettweis. |
| 260 |
_aCambridge, UK ; _aNew York : _bCambridge University Press, _cc2012. |
||
| 300 |
_axxviii, 410 p. : _bill. (some col.) ; _c26 cm. |
||
| 504 | _aIncludes bibliographical references and index. | ||
| 650 | 0 |
_aWireless communication systems _xEnvironmental aspects. |
|
| 650 | 0 |
_aWireless communication systems _xEnergy consumption. |
|
| 700 | 1 |
_aHossain, Ekram, _d1971- |
|
| 700 | 1 |
_aBhargava, Vijay K., _d1948- |
|
| 700 | 1 | _aFettweis, Gerhard P. | |
| 906 |
_a7 _bcbc _corignew _d1 _eecip _f20 _gy-gencatlg |
||
| 942 |
_2ddc _cBK |
||
| 999 |
_c11826 _d11826 |
||